Mistrzowie 20 najlepszych lig Europy 2019/20 - Statystyki

Ogólne statystyki
  • Ten quiz został rozwiązany 172 razy
  • Średni wynik to 13 z 19
Statystyki odpowiedzi
Kraj Nazwa klubu % Poprawnych
Hiszpania Real Madryt
100%
Niemcy Bayern Monachium
98%
Włochy Juventus Turyn
97%
Anglia Liverpool F.C.
97%
Francja Paris Saint-Germain F.C.
97%
Portugalia FC Porto
90%
Polska Legia Warszawa
90%
Ukraina Szachtar Donieck
84%
Rosja Zenit Petersburg
75%
Belgia Club Brugge
71%
Chorwacja Dinamo Zagrzeb
64%
Czechy Slavia Praga
64%
Austria Red Bull Salzburg
61%
Szwajcaria BSC Young Boys
60%
Grecja Olympiakos Pireus
53%
Rumunia CFR 1907 Cluj
33%
Turcja İstanbul Başakşehir
29%
Izrael Maccabi Tel Awiw
16%
Dania FC Midtjylland
9%
Nie znaleziono quizów pasujących do podanych kryteriów
Rozkład punktacji
Procent ludzi z każdym wynikiem
Percentyl według liczby udzielonych odpowiedzi
Twoja historia wyników
Nie rozwiązałeś tego quizu